000 00541nam a2200193Ia 4500
003 GCL
008 140319s9999 xx 000 0 ara d
040 _aGCL /
_cGCL
082 0 4 _a180.181
_bى ب
100 1 _aيوسف ميخائيل اسعد
245 1 0 _aالبشرية والمستقبل الغامض /
_cيوسف ميخائيل اسعد
300 _a307
490 _aكتاب
_v0
650 0 4 _aالفلسفة
650 0 4 _aالفلسفة الحديثة
650 0 4 _aمذاهب
650 0 4 _aالمستقبل
942 _2ddc
_cBK
999 _c43161
_d43161